ANANTHANARAYAN AND PANIKER,S TEXTBOOK OF MICROBIOLOGY (Record no. 9020)

MARC details
000 -LEADER
fixed length control field 00487nam a22001817a 4500
005 - DATE AND TIME OF LATEST TRANSACTION
control field 20251204170247.0
008 - FIXED-LENGTH DATA ELEMENTS--GENERAL INFORMATION
fixed length control field 251203b |||||||| |||| 00| 0 eng d
020 ## - INTERNATIONAL STANDARD BOOK NUMBER
ISBN 978-93-93330-65-9
041 ## - LANGUAGE CODE
Language code of text/sound track or separate title eng
082 ## - DEWEY DECIMAL CLASSIFICATION NUMBER
Classification number 616.01 SAX-M
100 ## - MAIN ENTRY--AUTHOR NAME
Personal name SAXENA, SONAL
245 ## - TITLE STATEMENT
Title ANANTHANARAYAN AND PANIKER,S TEXTBOOK OF MICROBIOLOGY
250 ## - EDITION STATEMENT
Edition statement 13TH ED,
260 ## - PUBLICATION, DISTRIBUTION, ETC. (IMPRINT)
Place of publication HYDERABAD
Name of publisher UNIVERSITY PRESS
Year of publication 2025
300 ## - PHYSICAL DESCRIPTION
Number of Pages 776;P
650 ## - SUBJECT ADDED ENTRY--TOPICAL TERM
Topical Term PARAMEDICAL
General subdivision BMIRT/BMLT
942 ## - ADDED ENTRY ELEMENTS (KOHA)
Koha item type Books
Holdings
Lost status Damaged status Collection code Home library Current library Shelving location Date acquired Source of acquisition Cost, normal purchase price Serial Enumeration / chronology Full call number Accession Number Koha item type
    PARAMEDICAL JRU Library JRU Library SHELF-104-D 01/12/2025 PURCHASE 1495.00 LBI-000811/28-11-2025 616.01 SAX 29250 Books
    PARAMEDICAL JRU Library JRU Library SHELF-104-D 01/12/2025 PURCHASE 1495.00 LBI-000811/28-11-2025 616.01 SAX 29251 Books
    PARAMEDICAL JRU Library JRU Library SHELF-104-D 01/12/2025 PURCHASE 1495.00 LBI-000811/28-11-2025 616.01 SAX 29252 Books